000 00262nam a22001217a 4500
082 _a823
_bKHA/P
100 _aJIBRAN, KHALID
245 _aTHE PROPHET
260 _aMUMBAI
_bJAICO PUBLISHING
_c1986
300 _a114
650 _aENGLISH STORY
_zINDIA
942 _cBK
999 _c7311
_d7311